[Event "Open Nord"]
[Site "Meyreuil"]
[Date "2012.03.30"]
[Round "9"]
[White "Jean, Nicolas"]
[Black "Feraud, Guillaume"]
[Result "1/2-1/2"]
[WhiteElo "1808"]
[BlackElo "1533"]
[PlyCount "70"]

1. e4 e5 2. Nf3 Nc6 3. Bc4 Bc5 4. c3 Qf6 5. d3 d6 6. h3 Nge7 7. O-O O-O 8. b4
Bb6 9. b5 Qg6 10. bxc6 Bxh3 11. Nh4 Qg3 12. Qf3 Qxh4 13. Qxh3 Qxh3 14. gxh3
bxc6 15. Kh2 d5 16. Bb3 Rad8 17. Bg5 Rfe8 18. exd5 cxd5 19. Na3 f6 20. Be3 c5
21. c4 d4 22. Bd2 Nf5 23. Rfe1 Bc7 24. Ba4 Re6 25. Nb5 Bb8 26. Ba5 Rf8 27. Bc7
Bxc7 28. Nxc7 Rb6 29. Bb5 Kf7 30. Nd5 Rb7 31. a4 Ke6 32. a5 Kd6 33. a6 Rxb5 34.
cxb5 Kxd5 35. Reb1 e4 1/2-1/2

[Event "Open Nord"]
[Site "Meyreuil"]
[Date "2012.03.30"]
[Round "9"]
[White "Sempe, Pierre"]
[Black "Solchaga, Jerome"]
[Result "0-1"]
[WhiteElo "1595"]
[BlackElo "1727"]
[PlyCount "126"]

1. e4 c5 2. c3 d5 3. exd5 Qxd5 4. Nf3 Nf6 5. Be2 Nc6 6. d3 e5 7. Bg5 Be7 8.
Nbd2 O-O 9. O-O Bf5 10. Bxf6 Bxf6 11. Qb3 Qd7 12. Ne4 Be7 13. Qb5 b6 14. Rfe1
Rfd8 15. Rad1 Qc7 16. Qb3 Be6 17. Qc2 h6 18. b3 Rd7 19. Bf1 Rad8 20. Re3 c4 21.
b4 Bf5 22. Rde1 cxd3 23. Bxd3 Bg6 24. Qe2 f5 25. Ng3 f4 26. Bxg6 fxe3 27. Qxe3
Bf6 28. b5 Ne7 29. Bh5 Rd3 30. Qe4 Rxc3 31. Nf5 Nxf5 32. Qxf5 Rc1 33. Qe4 Rxe1+
34. Nxe1 Qc5 35. a4 Rf8 36. Nd3 Qd4 37. Bg6 Qa1+ 38. Ne1 Bg5 39. Kf1 Kh8 40. h4
Bd2 41. h5 Rd8 42. Qb1 Qxb1 43. Bxb1 Bxe1 44. Kxe1 Rd4 45. Bg6 Rxa4 46. Be8 Kg8
47. g3 Kf8 48. Bc6 Ke7 49. Ke2 Kf6 50. Ke3 Kg5 51. Be8 Rb4 52. Kf3 Kf5 53. Bg6+
Ke6 54. Be8 Kd5 55. Bc6+ Kc5 56. Be8 Rxb5 57. Bxb5 Kxb5 58. Ke3 a5 59. Kd3 a4
60. Kc3 Kc5 61. f3 b5 62. g4 b4+ 63. Kb2 Kd4 0-1

[Event "Open Nord"]
[Site "Meyreuil"]
[Date "2012.03.30"]
[Round "9"]
[White "Montanelli, Tristan"]
[Black "Scamaroni, Jean-Paul"]
[Result "1-0"]
[WhiteElo "1685"]
[BlackElo "1674"]
[PlyCount "97"]

1. f4 d5 2. Nf3 Nf6 3. g3 g6 4. Bg2 c6 5. O-O Bg7 6. c3 O-O 7. d3 Re8 8. Kh1
Nbd7 9. Be3 e5 10. fxe5 Nxe5 11. Nxe5 Rxe5 12. Bd4 Rf5 13. Nd2 Qe7 14. e4 Rxf1+
15. Qxf1 dxe4 16. Re1 Be6 17. Nxe4 Nxe4 18. Rxe4 Bxd4 19. Rxd4 Bxa2 20. c4 Qe5
21. Qf2 f5 22. Rf4 Re8 23. Qxa7 Qxb2 24. Rf2 Re1+ 25. Bf1 Qa1 26. Kg2 Bb3 27.
Qb8+ Kg7 28. Qxb7+ Kh6 29. Qxb3 Rb1 30. Qc2 Rc1 31. Qd2+ Kg7 32. Qb2+ Qxb2 33.
Rxb2 Re1 34. Rb6 Re6 35. Rb7+ Kh6 36. Kf2 g5 37. Bg2 c5 38. Rc7 Re5 39. h3 Kg6
40. g4 h6 41. Bd5 f4 42. Be4+ Kf6 43. Rc6+ Kf7 44. Rxh6 Kg7 45. Rh5 Kf6 46. h4
gxh4 47. Rxh4 Rg5 48. Kf3 Ke5 49. Rh5 1-0

[Event "Open Nord"]
[Site "Meyreuil"]
[Date "2012.03.30"]
[Round "9"]
[White "Noireaut, Hoan"]
[Black "Mengus, Michel"]
[Result "1-0"]
[WhiteElo "1486"]
[BlackElo "1640"]
[PlyCount "93"]

1. d4 Nf6 2. Bf4 e6 3. e3 b6 4. Bd3 Bb7 5. Nf3 d6 6. Nbd2 Nbd7 7. h3 Nh5 8. Bh2
g6 9. O-O Bg7 10. c3 O-O 11. Qe2 a5 12. Be4 d5 13. Bd3 f5 14. Bb5 Nhf6 15. Ne5
Nxe5 16. Bxe5 c6 17. Bd3 Nd7 18. Bh2 e5 19. dxe5 Nxe5 20. Nf3 Nxd3 21. Qxd3 Ba6
22. Qc2 Bxf1 23. Rxf1 Re8 24. Rd1 Qf6 25. Qb3 b5 26. Nd4 a4 27. Qc2 Bf8 28. a3
Bd6 29. Bxd6 Qxd6 30. g3 Rab8 31. h4 c5 32. Nf3 Qe6 33. Ng5 Qc6 34. Qe2 b4 35.
cxb4 cxb4 36. axb4 Rxb4 37. Qd2 Rb5 38. Nf3 Qb7 39. Rb1 Rb8 40. Ng5 Rxb2 41.
Rxb2 Qxb2 42. Qxd5+ Kh8 43. Nf7+ Kg7 44. Ng5 Qb7 45. Qe5+ Kh6 46. Qf6 Qb2 47.
Nf7+ 1-0

[Event "Open Nord"]
[Site "Meyreuil"]
[Date "2012.03.30"]
[Round "9"]
[White "Lucas, Jacques"]
[Black "Bellais, Nicolas"]
[Result "1/2-1/2"]
[WhiteElo "1410"]
[BlackElo "1520"]
[PlyCount "144"]

1. c4 Nf6 2. Nc3 g6 3. d4 Bg7 4. Nf3 d6 5. e4 O-O 6. Bd3 Re8 7. O-O e5 8. d5 c6
9. Re1 c5 10. a3 a5 11. h3 Nbd7 12. a4 Nb6 13. b3 Nfd7 14. Be3 Nb8 15. Qd2 Na6
16. Na2 f6 17. Bh6 Nb4 18. Nxb4 axb4 19. Bxg7 Kxg7 20. Nh2 Qe7 21. Ng4 Bxg4 22.
hxg4 g5 23. f3 Rh8 24. a5 Nd7 25. Kf2 Qd8 26. Ra4 Rxa5 27. Rea1 Rxa4 28. Rxa4
Nb8 29. Be2 Na6 30. g3 Qe7 31. Ra1 Qe8 32. Qe3 h5 33. f4 h4 34. fxg5 hxg3+ 35.
Kxg3 fxg5 36. Qxg5+ Qg6 37. Qf5 Qh6 38. Qd7+ Kg8 39. Qe8+ Kg7 40. Qe7+ Kg8 41.
Qe6+ Qxe6 42. dxe6 Rh6 43. Rf1 Rxe6 44. g5 Nb8 45. Bg4 Re8 46. Rf6 Rd8 47. Be6+
Kg7 48. Kg4 Nc6 49. Bd5 Nd4 50. Rf7+ Kg6 51. Rxb7 Rf8 52. Rb6 Rf4+ 53. Kg3 Kxg5
54. Rxd6 Nxb3 55. Rb6 Nd2 56. Rb5 Nxe4+ 57. Bxe4 Rxe4 58. Rxc5 Re3+ 59. Kf2 Kf4
60. Rb5 b3 61. Rb4 Rc3 62. Ke2 e4 63. Kd2 Rc2+ 64. Kd1 e3 65. Rxb3 Rxc4 66. Rb8
Rd4+ 67. Ke1 Ke4 68. Re8+ Kd3 69. Ra8 Rc4 70. Rd8+ Ke4 71. Re8+ Kf3 72. Rf8+
Ke4 1/2-1/2

[Event "Open Nord"]
[Site "Meyreuil"]
[Date "2012.03.30"]
[Round "9"]
[White "Corrias, Robert"]
[Black "Marchal-Perrin, Alexandre"]
[Result "1-0"]
[WhiteElo "1651"]
[BlackElo "1399"]
[PlyCount "49"]

1. d4 Nf6 2. Nf3 e6 3. c3 Nc6 4. Bg5 Be7 5. Nbd2 d5 6. e3 O-O 7. Bd3 Ng4 8. Bf4
h6 9. O-O Bd6 10. h3 Bxf4 11. hxg4 Bd6 12. e4 dxe4 13. Nxe4 e5 14. d5 Ne7 15.
Bc2 Bxg4 16. Qd3 f5 17. Nxd6 Qxd6 18. Nh2 Qxd5 19. Bb3 Rad8 20. Bxd5+ Nxd5 21.
Nxg4 fxg4 22. Qc4 Rf4 23. Qb3 b6 24. Rad1 Rff8 25. Rxd5 1-0

[Event "Open Nord"]
[Site "Meyreuil"]
[Date "2012.03.30"]
[Round "9"]
[White "Maggio, Stephane"]
[Black "Garcia, Robustiano"]
[Result "0-1"]
[WhiteElo "1440"]
[BlackElo "1670"]
[PlyCount "104"]

1. f4 d5 2. Nf3 g6 3. e3 Bg7 4. Nc3 Nf6 5. Bd3 O-O 6. O-O c5 7. Qe1 Nc6 8. a3
a6 9. Rb1 b5 10. Qh4 Qc7 11. Nd1 c4 12. Be2 Bf5 13. d3 cxd3 14. Bxd3 Bxd3 15.
cxd3 b4 16. Nf2 Rab8 17. Bd2 Qd6 18. axb4 Nxb4 19. Bc3 Nc2 20. Be5 Qb6 21. Bxb8
Rxb8 22. Nd1 Nxe3 23. Nxe3 Qxe3+ 24. Qf2 Qxd3 25. Qa7 Re8 26. Ra1 Ne4 27. Qxa6
Qe3+ 28. Kh1 Nf2+ 29. Rxf2 Qxf2 30. Rb1 Bxb2 31. Qc6 Rd8 32. Qc7 Ra8 33. Qxe7
Ra1 34. Rxa1 Bxa1 35. Qe1 Qxe1+ 36. Nxe1 Kf8 37. Kg1 Ke7 38. Kf2 Kd6 39. Ke3 f5
40. Nf3 Bf6 41. Kd3 Ke6 42. Nd4+ Bxd4 43. Kxd4 Kd6 44. h4 h6 45. h5 gxh5 46. g3
Kc6 47. Ke5 Kc5 48. Kxf5 d4 49. Ke4 Kc4 50. f5 d3 51. f6 d2 52. f7 d1=Q 0-1